[Event "Nat. Club Intermediate"]
[Site "Birmingham ENG"]
[Date "2015.04.11"]
[Round "2.76"]
[White "Hunt, Jonathan B"]
[Black "Turner, Jon"]
[Result "0-1"]
[WhiteElo "152"]
[BlackElo "161"]
[PlyCount "76"]
[EventDate "2015.04.11"]
[WhiteTeam "Wolverhampton"]
[BlackTeam "Warley Quinborne"]

1. d4 f5 2. Bf4 Nf6 3. Nf3 e6 4. e3 d5 5. c3 c6 6. Nbd2 Bd6 7. Ne5 Nbd7 8. Nf7
Kxf7 9. Bxd6 Nf8 10. Bg3 g5 11. Nf3 Ne4 12. Ne5+ Kg7 13. Bd3 h5 14. Bxe4 dxe4
15. h4 g4 16. f3 exf3 17. gxf3 Rg8 18. Qe2 Kh7 19. O-O-O Nd7 20. Nf7 Qa5 21.
Kb1 Rg6 22. e4 Nf8 23. Ng5+ Kg8 24. fxg4 hxg4 25. Rdf1 Qd8 26. Qe3 Bd7 27. Bf4
Nh7 28. Nxh7 Kxh7 29. h5 Rg8 30. Qd3 Qe7 31. exf5 exf5 32. Re1 Qf7 33. Be5 Be6
34. a3 Bd5 35. Rh2 Raf8 36. Ka1 Be4 37. Qe3 Qb3 38. Bf4 Bd5 0-1

[Event "Nat. Club Intermediate"]
[Site "Birmingham ENG"]
[Date "2015.04.11"]
[Round "2.77"]
[White "Pakenham, John H"]
[Black "Wood, Frank"]
[Result "0-1"]
[WhiteElo "116"]
[BlackElo "136"]
[PlyCount "166"]
[EventDate "2015.04.11"]
[WhiteTeam "Warley Quinborne"]
[BlackTeam "Wolverhampton"]

1. d4 d5 2. Nf3 Nf6 3. c4 c6 4. e3 Bf5 5. Nc3 e6 6. a3 a6 7. c5 Nbd7 8. Be2 h6
9. O-O Be7 10. b4 O-O 11. Bb2 Qc7 12. Re1 Ne4 13. Bd3 Bg6 14. Qc2 f5 15. a4 Bf6
16. a5 Rae8 17. Be2 e5 18. Nxe5 Nxe5 19. dxe5 Bxe5 20. g3 Qf7 21. f4 Bf6 22.
Nxe4 Rxe4 23. Bd3 Bxb2 24. Qxb2 Re6 25. Rac1 Rfe8 26. Qf2 Qe7 27. Rcd1 Rxe3 28.
Rxe3 Qxe3 29. Qxe3 Rxe3 30. Kf2 Re6 31. Rd2 Kf7 32. h3 Kf6 33. g4 fxg4 34. hxg4
Bxd3 35. Rxd3 Re4 36. Kf3 Rxb4 37. Kg3 Rb5 38. Re3 Kf7 39. Rc3 Rxa5 40. Kf3 Rb5
41. Ke3 Rb4 42. Ra3 Re4+ 43. Kf3 Rb4 44. Ke3 g6 45. Ra2 h5 46. gxh5 gxh5 47.
Rh2 Re4+ 48. Kf3 Kg6 49. Rg2+ Kf6 50. Rg8 Rb4 51. Rf8+ Ke7 52. Rh8 Rb3+ 53. Kf2
b5 54. cxb6 Rxb6 55. Rxh5 a5 56. Ke2 Rb4 57. Rh7+ Kf8 58. Rc7 Rc4 59. Ke3 a4
60. Ra7 c5 61. f5 Rc3+ 62. Kd2 Rf3 63. Rxa4 Rxf5 64. Ke3 Ke7 65. Ra7+ Kd6 66.
Ra6+ Ke5 67. Rc6 d4+ 68. Ke2 Kd5 69. Rc8 Re5+ 70. Kd2 Re6 71. Rd8+ Rd6 72. Rh8
c4 73. Rh5+ Kc6 74. Rh3 Kc5 75. Rh8 d3 76. Rh5+ Rd5 77. Rh4 Kb4 78. Rg4 Kb3 79.
Rg8 c3+ 80. Kd1 d2 81. Rb8+ Kc4 82. Rc8+ Kd3 83. Rxc3+ Kxc3 0-1

[Event "Nat. Club Intermediate"]
[Site "Birmingham ENG"]
[Date "2015.04.11"]
[Round "2.85"]
[White "Morton, Peter"]
[Black "Boardman, Jeffrey"]
[Result "1-0"]
[WhiteElo "155"]
[BlackElo "179"]
[PlyCount "107"]
[EventDate "2015.04.11"]
[WhiteTeam "GLCC 2"]
[BlackTeam "Wanstead & Woodford 2"]

1. e4 c5 2. g3 Nc6 3. Bg2 d6 4. Ne2 Bg4 5. Nbc3 Ne5 6. h3 Nf3+ 7. Kf1 Bh5 8. g4
Nh4 9. gxh5 e5 10. Ng3 Nxg2 11. Kxg2 g6 12. Qe2 a6 13. Nd5 Nf6 14. Nxf6+ Qxf6
15. d3 gxh5 16. Qxh5 Rg8 17. Qf3 Qe7 18. Kh2 O-O-O 19. Bd2 Kb8 20. b4 cxb4 21.
Bxb4 Bh6 22. Rhg1 Rg6 23. Nf5 Qf6 24. Rg2 d5 25. Be7 dxe4 26. dxe4 Rxg2+ 27.
Qxg2 Bf4+ 28. Kh1 Qb6 29. Bxd8 Qxd8 30. Ne3 Qd2 31. Nd5 Qxc2 32. f3 Bd2 33. Rf1
a5 34. Qg8+ Ka7 35. Qg1+ Kb8 36. Qb6 Qd3 37. Kg2 f5 38. Qd6+ Ka7 39. Qxe5 fxe4
40. Qxe4 Qxe4 41. fxe4 b5 42. Rf7+ Ka6 43. Rxh7 b4 44. e5 a4 45. Rh4 Kb5 46.
Nxb4 Bxb4 47. Rxb4+ Kxb4 48. e6 Ka3 49. e7 Kxa2 50. e8=Q a3 51. h4 Ka1 52. h5
a2 53. Qe5+ Kb1 54. h6 1-0

[Event "Nat. Club Intermediate"]
[Site "Birmingham ENG"]
[Date "2015.04.11"]
[Round "2.86"]
[White "Murrell, Mark RA"]
[Black "Chauhan, Anurag"]
[Result "1-0"]
[WhiteElo "158"]
[BlackElo "152"]
[PlyCount "107"]
[EventDate "2015.04.11"]
[WhiteTeam "Wanstead & Woodford 2"]
[BlackTeam "GLCC 2"]

1. d4 Nf6 2. Bg5 Nc6 3. c3 d5 4. Qc2 e5 5. e3 Be7 6. f4 e4 7. c4 h6 8. Bxf6
Bxf6 9. cxd5 Ne7 10. Nc3 Nxd5 11. Qxe4+ Ne7 12. Bc4 O-O 13. Qf3 c6 14. Nge2 Nf5
15. g4 Nh4 16. Qg3 Nf5 17. Qf3 Nd6 18. Bb3 a5 19. O-O-O b5 20. Rhg1 Be6 21. Ne4
Nxe4 22. Qxe4 Bd5 23. Qd3 Re8 24. Nc3 Bxb3 25. axb3 a4 26. Ne4 a3 27. Nxf6+
Qxf6 28. bxa3 Rxa3 29. Kb2 b4 30. Ra1 Qh4 31. Qd2 Rea8 32. Rxa3 Rxa3 33. g5
hxg5 34. Rxg5 f6 35. Rg2 Qh3 36. d5 cxd5 37. Qxd5+ Kh7 38. Qe4+ f5 39. Qb7 Qh6
40. Qxb4 Ra6 41. Qe7 Re6 42. Qg5 Qxg5 43. Rxg5 Rxe3 44. Rxf5 Re2+ 45. Kc3 Rxh2
46. b4 Rf2 47. Rh5+ Kg6 48. Rh4 Kf5 49. b5 g5 50. fxg5 Kxg5 51. Rb4 Kf5 52. b6
Ke6 53. b7 Rf3+ 54. Kb2 1-0

[Event "Nat. Club Intermediate"]
[Site "Birmingham ENG"]
[Date "2015.04.11"]
[Round "2.87"]
[White "Punjabi, Ronak"]
[Black "Warden, Michael J"]
[Result "0-1"]
[WhiteElo "140"]
[BlackElo "134"]
[PlyCount "52"]
[EventDate "2015.04.11"]
[WhiteTeam "GLCC 2"]
[BlackTeam "Wanstead & Woodford 2"]

1. e4 e5 2. Nf3 Nc6 3. Bc4 Nf6 4. d3 d5 5. exd5 Nxd5 6. O-O Be7 7. Re1 Bg4 8.
Nbd2 O-O 9. Re4 f5 10. Re1 Kh8 11. b3 Nc3 12. Bb2 Nxd1 13. Raxd1 Bf6 14. Rc1
Bxf3 15. Nxf3 e4 16. Bxf6 Qxf6 17. dxe4 fxe4 18. Rxe4 Rae8 19. Rxe8 Rxe8 20.
Rd1 Ne5 21. Nxe5 Qxe5 22. h3 Qc3 23. Kh2 g6 24. Rd7 Qxc2 25. Rxc7 Qxf2 26. Rxb7
Qf4+ 0-1

[Event "Nat. Club Intermediate"]
[Site "Birmingham ENG"]
[Date "2015.04.11"]
[Round "2.88"]
[White "Haddock, Paul"]
[Black "Dearden, Anthony"]
[Result "1-0"]
[WhiteElo "128"]
[BlackElo "133"]
[PlyCount "151"]
[EventDate "2015.04.11"]
[WhiteTeam "Wanstead & Woodford 2"]
[BlackTeam "GLCC 2"]

1. e4 d6 2. d4 Nf6 3. Bd3 g6 4. Nc3 Bg7 5. Nf3 O-O 6. Bg5 h6 7. Bh4 g5 8. Nxg5
hxg5 9. Bxg5 Nc6 10. Ne2 e5 11. d5 Ne7 12. h4 Nh5 13. f3 f6 14. Be3 Ng6 15. g4
Nhf4 16. Rh2 Bh6 17. h5 Nxd3+ 18. Qxd3 Nf4 19. Qd2 f5 20. gxf5 Bxf5 21. exf5
Rxf5 22. O-O-O Qf6 23. Rg1+ Kh8 24. Nxf4 Rxf4 25. Rg6 Qf8 26. Qg2 Kh7 27. Rh3
e4 28. Rxh6+ Qxh6 29. Qg6+ Qxg6 30. hxg6+ Kxg6 31. Bxf4 Rf8 32. Be3 exf3 33.
Bf2 a6 34. Kd2 Rf5 35. Rg3+ Kh5 36. c4 b5 37. b3 a5 38. Ke3 bxc4 39. bxc4 Re5+
40. Kxf3 Re8 41. Be3 a4 42. Ke2 c6 43. Kd2 cxd5 44. Rg5+ Kh4 45. Rxd5 Rb8 46.
Kc2 Kg4 47. Rxd6 Kf3 48. Bd2 Ke4 49. Bc3 Rc8 50. Rd4+ Ke3 51. Bb2 Rg8 52. Kc3
Rg2 53. Rd3+ Ke4 54. Rd2 Rg3+ 55. Kb4 Ke3 56. Rc2 Rg8 57. Kxa4 Ke4 58. Kb4 Rb8+
59. Kc3 Ke5 60. Kd3+ Kd6 61. Kd4 Kc6 62. Bc3 Ra8 63. Bb4 Ra4 64. a3 Ra8 65. c5
Rd8+ 66. Kc4 Ra8 67. Rd2 Rg8 68. Rd6+ Kc7 69. Kb5 Rb8+ 70. Rb6 Rc8 71. a4 Ra8
72. a5 Ra7 73. a6 Ra8 74. c6 Rg8 75. Rb7+ Kc8 76. a7 1-0

[Event "Nat. Club Intermediate"]
[Site "Birmingham ENG"]
[Date "2015.04.11"]
[Round "2.95"]
[White "Kinder, Andrew S"]
[Black "Towers, Nigel S"]
[Result "1-0"]
[WhiteElo "147"]
[BlackElo "172"]
[PlyCount "73"]
[EventDate "2015.04.11"]
[WhiteTeam "Newton Abbot 2"]
[BlackTeam "Redditch 1"]

1. e4 c6 2. Nc3 d5 3. Nf3 Bg4 4. h3 Bxf3 5. Qxf3 Nf6 6. e5 Nfd7 7. d4 e6 8. Bf4
Qb6 9. O-O-O Na6 10. Bg5 Nc7 11. Bd3 Bb4 12. Ne2 h6 13. Bh4 Rf8 14. Qh5 g5 15.
Bg3 Rh8 16. h4 Be7 17. hxg5 Bxg5+ 18. f4 Be7 19. Bh4 c5 20. c3 cxd4 21. cxd4
Nb5 22. Bxe7 Kxe7 23. Qh4+ Ke8 24. Bxb5 Qxb5 25. Nc3 Qb6 26. f5 Rc8 27. Rh3 Rc6
28. Kb1 Qd8 29. fxe6 fxe6 30. Qh5+ Ke7 31. Rf3 Qg8 32. Qh3 Kd8 33. Rdf1 a6 34.
Rg3 Qh7+ 35. Rd3 h5 36. Ka1 Qg6 37. Qf3 1-0

[Event "Nat. Club Intermediate"]
[Site "Birmingham ENG"]
[Date "2015.04.11"]
[Round "2.96"]
[White "Crockett, Stephen J"]
[Black "Taylor, Wilfred RP"]
[Result "1/2-1/2"]
[WhiteElo "120"]
[BlackElo "142"]
[PlyCount "64"]
[EventDate "2015.04.11"]
[WhiteTeam "Redditch 1"]
[BlackTeam "Newton Abbot 2"]

1. Nf3 c5 2. c4 g6 3. g3 Bg7 4. Bg2 Nc6 5. Nc3 b6 6. O-O Bb7 7. a3 Nf6 8. Rb1
O-O 9. b4 Qc7 10. bxc5 bxc5 11. Nb5 Qc8 12. Bb2 a6 13. Nc3 Rb8 14. Ba1 Rd8 15.
d3 d6 16. Nd2 Nd4 17. e4 e6 18. Ne2 Nd7 19. Nxd4 Bxd4 20. Bxd4 cxd4 21. Nb3 e5
22. Qc2 Nc5 23. Na5 Ba8 24. Rxb8 Qxb8 25. Rb1 Qc7 26. Nb3 Rb8 27. Nxc5 dxc5 28.
Rb3 Rxb3 29. Qxb3 Qb7 30. Qa4 Qc6 31. Qa5 Qd6 32. Qa4 Qc6 1/2-1/2

[Event "Nat. Club Intermediate"]
[Site "Birmingham ENG"]
[Date "2015.04.11"]
[Round "2.97"]
[White "Ramesh, Vignesh"]
[Black "Wiggins, Andrew S"]
[Result "1-0"]
[WhiteElo "138"]
[BlackElo "129"]
[PlyCount "72"]
[EventDate "2015.04.11"]
[WhiteTeam "Newton Abbot 2"]
[BlackTeam "Redditch 1"]

1. e4 e6 2. d4 d5 3. Nc3 dxe4 4. Nxe4 Nd7 5. Nf3 Ngf6 6. Bd3 Be7 7. O-O O-O 8.
c3 c5 9. Be3 b6 10. Qc2 Bb7 11. Rad1 Nxe4 12. Bxe4 Bxe4 13. Qxe4 Nf6 14. Qc2
Qc7 15. Rd3 Rfd8 16. Rfd1 Nd5 17. Qa4 Nxe3 18. Rxe3 cxd4 19. Nxd4 Qd7 20. Qxd7
Rxd7 21. Red3 Rad8 22. f4 Bc5 23. Kf1 Bxd4 24. Rxd4 Rxd4 25. Rxd4 Rxd4 26. cxd4
Kf8 27. Ke2 Ke7 28. b3 Kd6 29. Ke3 Kd5 30. Kd3 h6 31. h4 h5 32. b4 b5 33. Ke3
Kc4 34. Ke4 Kxb4 35. f5 Ka3 36. fxe6 Kxa2 1-0

[Event "Nat. Club Intermediate"]
[Site "Birmingham ENG"]
[Date "2015.04.11"]
[Round "2.98"]
[White "Smith, David"]
[Black "Barber-Lafon, Jacquie"]
[Result "1/2-1/2"]
[WhiteElo "121"]
[BlackElo "117"]
[PlyCount "64"]
[EventDate "2015.04.11"]
[WhiteTeam "Redditch 1"]
[BlackTeam "Newton Abbot 2"]

1. e4 g6 2. d4 d6 3. Nc3 Bg7 4. Bc4 Nf6 5. Bg5 O-O 6. Qd2 Nc6 7. a3 e5 8. d5
Ne7 9. O-O-O a6 10. Nge2 b5 11. Ba2 Bd7 12. f4 Ng4 13. Ng3 f6 14. h3 fxg5 15.
hxg4 exf4 16. Nf5 gxf5 17. gxf5 Nxf5 18. exf5 Bxf5 19. Rde1 Qf6 20. Re6 Qf7 21.
Rhe1 Rae8 22. g3 Kh8 23. Rxe8 Rxe8 24. Rxe8+ Qxe8 25. gxf4 gxf4 26. Qxf4 Qe1+
27. Nd1 Bg6 28. Qg5 Bh6 29. Kb1 Qe4 30. Bb3 Qe2 31. Nc3 Qe5 32. Qg4 Qe8 1/2-1/2

[Event "Nat. Club Intermediate"]
[Site "Birmingham ENG"]
[Date "2015.04.12"]
[Round "3.55"]
[White "Paul, Nathanael"]
[Black "Ali, Golam S"]
[Result "0-1"]
[WhiteElo "169"]
[BlackElo "154"]
[PlyCount "80"]
[EventDate "2015.04.12"]
[WhiteTeam "Newport (Salop)"]
[BlackTeam "Sutton Coldfield 2"]

1. e4 c5 2. Nf3 d6 3. d4 cxd4 4. Nxd4 Nf6 5. Nc3 a6 6. Bg5 e6 7. f3 Be7 8. Qd2
Nc6 9. O-O-O Qc7 10. Be2 Nxd4 11. Qxd4 b5 12. f4 Bb7 13. Bf3 e5 14. Qe3 Rc8 15.
Rd2 h6 16. Bxf6 exf4 17. Qd3 Bxf6 18. Qxd6 Bxc3 19. bxc3 Qxc3 20. Kb1 Qc7 21.
e5 Bxf3 22. gxf3 Qxd6 23. Rxd6 O-O 24. Rhd1 Rfe8 25. R6d5 Rc3 26. R1d3 Rec8 27.
R5d4 Rxc2 28. h3 Rh2 29. Rxf4 Rcc2 30. Rd8+ Kh7 31. Rxf7 Rb2+ 32. Ka1 Rxa2+ 33.
Kb1 Rae2 34. Rc8 Rh1+ 35. Rc1 Rxc1+ 36. Kxc1 Rxe5 37. h4 Kg6 38. Rf4 Rf5 39.
Rg4+ Kf6 40. f4 h5 0-1

[Event "Nat. Club Intermediate"]
[Site "Birmingham ENG"]
[Date "2015.04.12"]
[Round "3.56"]
[White "Mildenhall, John"]
[Black "Maydew, Simon"]
[Result "1/2-1/2"]
[WhiteElo "158"]
[BlackElo "148"]
[PlyCount "34"]
[EventDate "2015.04.12"]
[WhiteTeam "Sutton Coldfield 2"]
[BlackTeam "Newport (Salop)"]

1. e4 d5 2. e5 c5 3. d4 Nc6 4. c3 cxd4 5. cxd4 Qb6 6. Nc3 Qxd4 7. Qxd4 Nxd4 8.
Nxd5 Nc2+ 9. Kd1 Nxa1 10. Nc7+ Kd8 11. Nxa8 Bf5 12. Be3 b6 13. Nf3 Nc2 14.
Bxb6+ axb6 15. Nxb6 e6 16. Nc4 Nb4 17. a3 Nd3 1/2-1/2

[Event "Nat. Club Intermediate"]
[Site "Birmingham ENG"]
[Date "2015.04.12"]
[Round "3.57"]
[White "Lewis, Christopher"]
[Black "Brown, Noel A"]
[Result "1/2-1/2"]
[WhiteElo "153"]
[BlackElo "134"]
[PlyCount "89"]
[EventDate "2015.04.12"]
[WhiteTeam "Newport (Salop)"]
[BlackTeam "Sutton Coldfield 2"]

1. e4 Nc6 2. d4 e5 3. Nf3 exd4 4. Nxd4 Nf6 5. Nxc6 dxc6 6. Qxd8+ Kxd8 7. f3
Bb4+ 8. c3 Be7 9. Bc4 Ke8 10. Be3 b6 11. O-O a5 12. Rd1 Ba6 13. Nd2 b5 14. Be2
a4 15. Kf2 Nd7 16. c4 b4 17. b3 a3 18. f4 Bc5 19. Nf3 Bxe3+ 20. Kxe3 Ke7 21.
Nd4 c5 22. Nf5+ Kd8 23. Bg4 Bc8 24. Bh3 g6 25. Nh6 Ke7 26. Bxd7 Bxd7 27. Nxf7
Rhe8 28. Ne5 Be6 29. Rd2 Ra6 30. Rad1 Rd6 31. h3 Ra8 32. g4 Raa6 33. f5 gxf5
34. exf5 Bc8 35. Kf4 Rxd2 36. Rxd2 Rh6 37. Rd3 Bb7 38. Kg5 Rd6 39. Rxd6 cxd6
40. f6+ Kf8 41. Nd3 Be4 42. Nc1 Kf7 43. Kf4 Bg2 44. Kg3 Be4 45. g5 1/2-1/2

[Event "Nat. Club Intermediate"]
[Site "Birmingham ENG"]
[Date "2015.04.12"]
[Round "3.58"]
[White "Lawson, Keith"]
[Black "Paul, Christopher"]
[Result "1-0"]
[WhiteElo "132"]
[BlackElo "122"]
[PlyCount "57"]
[EventDate "2015.04.12"]
[WhiteTeam "Sutton Coldfield 2"]
[BlackTeam "Newport (Salop)"]

1. c4 c5 2. Nc3 e6 3. Nf3 Nf6 4. d3 Nc6 5. e4 h6 6. h3 a6 7. e5 Nh7 8. Ne4 Nd4
9. Nd6+ Bxd6 10. exd6 Qb6 11. Nxd4 cxd4 12. Bf4 Qc5 13. a3 a5 14. Qe2 b6 15.
Qg4 g5 16. Qg3 Nf6 17. Be2 Bb7 18. Be5 Rg8 19. Bxf6 Rg6 20. Be7 e5 21. Bf3 Bxf3
22. Qxf3 Rb8 23. Qd5 Qxd5 24. cxd5 Rc8 25. Kd2 f5 26. Rac1 Rb8 27. Rc7 Rg7 28.
Bf6 Rh7 29. Bxe5 1-0

[Event "Nat. Club Intermediate"]
[Site "Birmingham ENG"]
[Date "2015.04.12"]
[Round "3.65"]
[White "Price, Andrew"]
[Black "Smith, Simon C"]
[Result "0-1"]
[WhiteElo "157"]
[BlackElo "172"]
[PlyCount "101"]
[EventDate "2015.04.12"]
[WhiteTeam "Leamington"]
[BlackTeam "Warley Quinborne"]

1. d4 e6 2. Nf3 c5 3. e4 cxd4 4. Nxd4 a6 5. Nc3 b5 6. a3 Bb7 7. Be3 Qc7 8. Be2
Nf6 9. f3 Nc6 10. Nxc6 dxc6 11. O-O c5 12. Qe1 Bd6 13. g3 h5 14. Qf2 Rc8 15.
Rad1 c4 16. Rd2 Bc5 17. Rfd1 Ke7 18. Bxc5+ Qxc5 19. Qxc5+ Rxc5 20. Bf1 g5 21.
Bg2 h4 22. g4 Bc6 23. Ne2 e5 24. b4 cxb3 25. cxb3 Rc8 26. Bf1 Be8 27. Kf2 a5
28. Rd3 Rc2 29. R1d2 b4 30. axb4 axb4 31. Rd4 Rxd2 32. Rxd2 Bd7 33. Ra2 Be6 34.
Ra7+ Kd6 35. Rb7 Kc5 36. Nc1 Kd6 37. Ne2 Bxb3 38. Rxb4 Bc4 39. Rb6+ Ke7 40.
Rb7+ Kf8 41. Ng1 Bxf1 42. Kxf1 Rc1+ 43. Kf2 Ne8 44. Rb6 Ke7 45. Ne2 Rh1 46. Kg2
Ra1 47. Kf2 Nd6 48. Nc3 Kd7 49. Rb1 Rxb1 50. Nxb1 Nb5 51. Ke3 0-1

[Event "Nat. Club Intermediate"]
[Site "Birmingham ENG"]
[Date "2015.04.12"]
[Round "3.66"]
[White "Turner, Jon"]
[Black "Darling, Tom"]
[Result "0-1"]
[WhiteElo "161"]
[BlackElo "154"]
[PlyCount "72"]
[EventDate "2015.04.12"]
[WhiteTeam "Warley Quinborne"]
[BlackTeam "Leamington"]

1. e4 e5 2. Nf3 d5 3. exd5 Bd6 4. Nc3 Nf6 5. Bb5+ c6 6. dxc6 bxc6 7. Bc4 O-O 8.
d3 h6 9. h3 Nbd7 10. Be3 Nb6 11. Bb3 Nbd5 12. Qd2 Nxe3 13. Qxe3 Bc7 14. O-O-O
Re8 15. g4 Nd5 16. Qd2 Ba5 17. Bxd5 cxd5 18. d4 Qb6 19. Nxe5 Rb8 20. b3 f6 21.
Ng6 Ba6 22. Kb2 Re2 23. Qc1 Bxc3+ 24. Kxc3 Qb4+ 25. Kb2 Rc8 26. Kb1 Qc3 27. Qb2
Qxb2+ 28. Kxb2 Rcxc2+ 29. Kb1 Rb2+ 30. Ka1 Rxa2+ 31. Kb1 Rab2+ 32. Ka1 Rxb3 33.
Nf4 Rxf2 34. Rhe1 Rxf4 35. Ka2 Bc4 36. Re8+ Kf7 0-1

[Event "Nat. Club Intermediate"]
[Site "Birmingham ENG"]
[Date "2015.04.12"]
[Round "3.67"]
[White "Collins, Andrew"]
[Black "Rawlings, Wendell S"]
[Result "1-0"]
[WhiteElo "150"]
[BlackElo "122"]
[PlyCount "80"]
[EventDate "2015.04.12"]
[WhiteTeam "Leamington"]
[BlackTeam "Warley Quinborne"]

1. e4 e5 2. Nf3 Nc6 3. Bb5 Nge7 4. O-O a6 5. Ba4 b5 6. Bb3 Ng6 7. d3 Be7 8. c3
d6 9. h3 O-O 10. Nbd2 Na5 11. Bc2 f5 12. d4 f4 13. Nb3 Nc4 14. Qe2 Qe8 15. Qd3
Nh4 16. Bd1 Qg6 17. Nxh4 Bxh4 18. Qf3 Be7 19. a4 Bd7 20. a5 c6 21. Nd2 Nxd2 22.
Bxd2 Be6 23. Re1 exd4 24. cxd4 Bf6 25. e5 Bd5 26. Bb3 dxe5 27. dxe5 Be7 28.
Bxd5+ cxd5 29. Qxd5+ Kh8 30. Bxf4 Rad8 31. Qe4 Qe6 32. Be3 Rd5 33. Bb6 Rc8 34.
Rac1 Rc4 35. Rxc4 bxc4 36. Qxc4 Bf6 37. Qxa6 Bxe5 38. Qa8+ Qg8 39. Qxg8+ Kxg8
40. a6 Rb5 1-0

[Event "Nat. Club Intermediate"]
[Site "Birmingham ENG"]
[Date "2015.04.12"]
[Round "3.68"]
[White "Pakenham, John H"]
[Black "Madden, Jason D"]
[Result "0-1"]
[WhiteElo "116"]
[BlackElo "127"]
[PlyCount "64"]
[EventDate "2015.04.12"]
[WhiteTeam "Warley Quinborne"]
[BlackTeam "Leamington"]

1. d4 d5 2. Nf3 Nf6 3. c4 Bf5 4. Nc3 e6 5. a3 c6 6. cxd5 cxd5 7. Bg5 Be7 8. e3
O-O 9. Be2 a6 10. h3 Nbd7 11. Bd3 Ne4 12. Bxe7 Qxe7 13. O-O Qf6 14. Bc2 Rac8
15. Nxe4 dxe4 16. Nh2 Qg6 17. Kh1 Qh6 18. Rg1 Qh4 19. Qe2 Nf6 20. Bd1 Kh8 21.
g4 Bg6 22. Rg3 Kg8 23. Kg2 Qg5 24. Bb3 Qa5 25. Nf1 Qb6 26. Qd1 Rc7 27. Nd2 Rfc8
28. Rb1 Qb5 29. h4 h6 30. Kh2 h5 31. g5 Ng4+ 32. Kh1 Nxf2+ 0-1

[Event "Nat. Club Intermediate"]
[Site "Birmingham ENG"]
[Date "2015.04.12"]
[Round "3.75"]
[White "Bull, Phil"]
[Black "Armstrong, William G"]
[Result "0-1"]
[WhiteElo "165"]
[BlackElo "151"]
[PlyCount "75"]
[EventDate "2015.04.12"]
[WhiteTeam "Wolverhampton"]
[BlackTeam "Braille C.A. 1"]

1. d4 Nf6 2. e3 g6 3. Bd3 Bg7 4. f4 c5 5. c3 cxd4 6. exd4 d5 7. Qe2 O-O 8. Nf3
Nc6 9. O-O e6 10. Nbd2 Nh5 11. Ne5 f5 12. Ndf3 Nf6 13. Be3 Ne4 14. Rae1 Qa5 15.
a3 Qc7 16. Bc1 Nxe5 17. Nxe5 Bd7 18. Rf3 Bxe5 19. fxe5 Bc6 20. Bh6 Rf7 21. Bxe4
dxe4 22. Rf4 Bd5 23. Qd2 Rc8 24. Re3 Qd7 25. Rh4 Qe7 26. Reh3 Qd7 27. Bg5 Kf8
28. Bf6 Ke8 29. Qg5 Qa4 30. Qd2 Rcc7 31. Rh6 f4 32. Qxf4 Qd1+ 33. Qf1 Qc2 34.
Re3 Qxb2 35. Qe1 Qxa3 36. Rhh3 Qf8 37. Qa1 b6 38. Re1 0-1

[Event "Nat. Club Intermediate"]
[Site "Birmingham ENG"]
[Date "2015.04.12"]
[Round "3.76"]
[White "Burnell, Steve"]
[Black "Hunt, Jonathan B"]
[Result "1/2-1/2"]
[WhiteElo "147"]
[BlackElo "152"]
[PlyCount "53"]
[EventDate "2015.04.12"]
[WhiteTeam "Braille C.A. 1"]
[BlackTeam "Wolverhampton"]

1. d4 Nf6 2. c4 c5 3. d5 b5 4. Nf3 g6 5. a4 b4 6. Nbd2 d6 7. e4 Qc7 8. Bd3 Bg7
9. O-O a5 10. Re1 Bg4 11. h3 Bxf3 12. Nxf3 Nbd7 13. Ra2 h6 14. b3 O-O-O 15.
Rae2 Ne5 16. Nxe5 dxe5 17. Be3 Rdf8 18. Ra2 Ne8 19. Qg4+ Kb7 20. f4 Rhg8 21.
fxe5 Bxe5 22. Rf1 f5 23. exf5 gxf5 24. Qf3 Nd6 25. Bf4 Bd4+ 26. Be3 Be5 27. Bf4
1/2-1/2

[Event "Nat. Club Intermediate"]
[Site "Birmingham ENG"]
[Date "2015.04.12"]
[Round "3.77"]
[White "Wood, Frank"]
[Black "Andrews, Norman G"]
[Result "1-0"]
[WhiteElo "136"]
[BlackElo "144"]
[PlyCount "59"]
[EventDate "2015.04.12"]
[WhiteTeam "Wolverhampton"]
[BlackTeam "Braille C.A. 1"]

1. e4 c5 2. d4 cxd4 3. c3 d3 4. Bxd3 Nc6 5. c4 e6 6. Nc3 Bb4 7. Bd2 Nf6 8. Nf3
d6 9. O-O O-O 10. a3 Bxc3 11. Bxc3 Qe7 12. Qe2 Bd7 13. e5 dxe5 14. Nxe5 Nxe5
15. Qxe5 Rac8 16. Bb4 Qe8 17. Rac1 Bc6 18. Rfd1 Rd8 19. Bxf8 Qxf8 20. b4 Nd7
21. Qg3 Nb6 22. Bxh7+ Kh8 23. Qh4 Rxd1+ 24. Rxd1 g5 25. Qh5 Bd7 26. Bg6+ Kg7
27. Bc2 Kf6 28. h4 Ke7 29. Qxg5+ f6 30. Qc5+ 1-0

[Event "Nat. Club Intermediate"]
[Site "Birmingham ENG"]
[Date "2015.04.12"]
[Round "3.85"]
[White "Murrell, Mark RA"]
[Black "Kinder, Andrew S"]
[Result "1/2-1/2"]
[WhiteElo "158"]
[BlackElo "147"]
[PlyCount "70"]
[EventDate "2015.04.12"]
[WhiteTeam "Wanstead & Woodford 2"]
[BlackTeam "Newton Abbot 2"]

1. d4 Nf6 2. Bg5 Ne4 3. Bf4 c5 4. f3 Nf6 5. d5 d6 6. e4 Nbd7 7. c4 g6 8. Qd2 h5
9. Nc3 Bg7 10. Nh3 Ng8 11. Ng5 Ne5 12. Bxe5 Bxe5 13. f4 Bg7 14. Bd3 Nh6 15. Nf3
Bg4 16. O-O a6 17. a4 b6 18. Rae1 Ra7 19. Ng5 O-O 20. h3 Bc8 21. e5 Bf5 22.
Bxf5 Nxf5 23. g4 hxg4 24. hxg4 Nh6 25. Qh2 Qc8 26. Rf3 Qxg4+ 27. Rg3 Qxf4 28.
Nce4 Qxe5 29. Re2 Qd4+ 30. Kg2 Qxc4 31. Rd2 f6 32. Rh3 fxg5 33. Nxg5 Qc1 34.
Nf3 Ng4 35. Qh1 Qxh1+ 1/2-1/2

[Event "Nat. Club Intermediate"]
[Site "Birmingham ENG"]
[Date "2015.04.12"]
[Round "3.86"]
[White "Taylor, Wilfred RP"]
[Black "Smith, David"]
[Result "1-0"]
[WhiteElo "142"]
[BlackElo "148"]
[PlyCount "53"]
[EventDate "2015.04.12"]
[WhiteTeam "Newton Abbot 2"]
[BlackTeam "Wanstead & Woodford 2"]

1. e4 d6 2. d4 Nf6 3. Nc3 g6 4. Be3 c6 5. Qd2 Qc7 6. O-O-O Nbd7 7. Bd3 b5 8. f3
a5 9. h4 h5 10. Nh3 Bg7 11. Ng5 e5 12. d5 b4 13. dxc6 bxc3 14. cxd7+ Bxd7 15.
Qxc3 Qxc3 16. bxc3 Rc8 17. c4 O-O 18. Kd2 Be6 19. Nxe6 fxe6 20. Rb1 Rb8 21. Rb5
Rxb5 22. cxb5 Kh7 23. c4 d5 24. c5 d4 25. Bg5 Rc8 26. c6 Ne8 27. Rc1 1-0

[Event "Nat. Club Intermediate"]
[Site "Birmingham ENG"]
[Date "2015.04.12"]
[Round "3.87"]
[White "Haddock, Paul"]
[Black "Ramesh, Vignesh"]
[Result "1-0"]
[WhiteElo "128"]
[BlackElo "138"]
[PlyCount "35"]
[EventDate "2015.04.12"]
[WhiteTeam "Wanstead & Woodford 2"]
[BlackTeam "Newton Abbot 2"]

1. e4 e5 2. Nf3 Nc6 3. Bc4 Nf6 4. d3 d5 5. exd5 Nxd5 6. Bg5 Be7 7. Bxe7 Kxe7 8.
Bxd5 Qxd5 9. Nc3 Qa5 10. Qe2 Re8 11. Qe4 h6 12. Qh7 Nd4 13. O-O-O Ne6 14. Rde1
f6 15. d4 Kf8 16. dxe5 fxe5 17. Rxe5 Qb6 18. Rf5+ 1-0

[Event "Nat. Club Intermediate"]
[Site "Birmingham ENG"]
[Date "2015.04.12"]
[Round "3.95"]
[White "Towers, Nigel S"]
[Black "Morton, Peter"]
[Result "1/2-1/2"]
[WhiteElo "172"]
[BlackElo "155"]
[PlyCount "95"]
[EventDate "2015.04.12"]
[WhiteTeam "Redditch 1"]
[BlackTeam "GLCC 2"]

1. e4 e5 2. Nf3 Nf6 3. Nxe5 d6 4. Nf3 Nxe4 5. Bd3 Nc5 6. Be2 Be7 7. O-O O-O 8.
d4 Ne6 9. c4 Re8 10. Nc3 Ng5 11. Be3 Nxf3+ 12. Bxf3 Nd7 13. Nd5 Bf8 14. Qd2 Nb6
15. b3 Nxd5 16. Bxd5 Be7 17. Rae1 c6 18. Bf3 d5 19. cxd5 cxd5 20. Bf4 Be6 21.
Rc1 Bd6 22. Bxd6 Qxd6 23. Rc3 Rac8 24. Rfc1 Rxc3 25. Rxc3 Bd7 26. Qc1 Bc6 27.
Re3 Rxe3 28. Qxe3 Qe6 29. Qd2 a6 30. h3 g6 31. Qe2 Qxe2 32. Bxe2 Kf8 33. f4 Ke7
34. Kf2 h6 35. g4 f6 36. Kg3 Kf7 37. b4 g5 38. Bd1 Ke7 39. Kf3 Kd6 40. Bb3 Bb5
41. fxg5 fxg5 42. a3 Bc6 43. Bc2 b6 44. Bd3 b5 45. Ke3 Bd7 46. Be2 Bc6 47. Kd2
Kc7 48. Ke3 1/2-1/2

[Event "Nat. Club Intermediate"]
[Site "Birmingham ENG"]
[Date "2015.04.12"]
[Round "3.96"]
[White "Chauhan, Anurag"]
[Black "Crockett, Stephen J"]
[Result "0-1"]
[WhiteElo "152"]
[BlackElo "120"]
[PlyCount "50"]
[EventDate "2015.04.12"]
[WhiteTeam "GLCC 2"]
[BlackTeam "Redditch 1"]

1. e4 e6 2. d4 d5 3. exd5 exd5 4. Bd3 Bd6 5. h3 Nf6 6. Nf3 O-O 7. O-O Ne4 8. c4
c6 9. c5 Bc7 10. Nc3 f5 11. Ne2 Nd7 12. Bf4 Bxf4 13. Nxf4 Qf6 14. Nh5 Qh6 15.
Ng3 Ndf6 16. Qc1 f4 17. Nxe4 Nxe4 18. Bxe4 dxe4 19. Ne5 Bxh3 20. gxh3 Qxh3 21.
f3 Qg3+ 22. Kh1 Rf5 23. Qc4+ Kf8 24. Qf7+ Rxf7 25. Nxf7 exf3 0-1